| 000 | 02512nam0a2200409 4500 | ||
|---|---|---|---|
| 001 | RU\NLR\BIBL_A\012742540 | ||
| 005 | 20260408131815.0 | ||
| 020 |
_aRU _9Сводный каталог листовок первых лет Советской власти (25 октября (7 ноября) 1917 - 1925) |
||
| 035 | _a(NLR Aleph) 012742540 | ||
| 090 |
_a13007001 _c13007001 |
||
| 100 | _a20220328d1920 |||y0rusy50 ca | ||
| 101 | 0 | _arus | |
| 102 | _aRU | ||
| 105 | _ay z 000zy | ||
| 135 | _acrcn 024apada | ||
| 200 | 1 |
_aОбъявление. Передается Приказ Туркфронта от 28 октября 1920 г. № 594: [О требовании от лиц, поступающих на работу, документов об отношении к воинской повинности _eлистовка] |
|
| 210 |
_aАндижан _cТип. СНХ _d[1920, окт.-нояб.] |
||
| 215 |
_a1 с. _d19x15 |
||
| 300 | _aПодписи: предкомдезертир Судаков; зампредкомдезертир Внучков; секретарь Минкин | ||
| 325 | 1 | _aКопия доступна в Электронной библиотеке РНБ | |
| 517 | 1 | _aО требовании от лиц, поступающих на работу, документов об отношении к воинской повинности | |
| 607 |
_aТуркестан _jЛистовки _xИстория _z1917 - 1920 _9921541 _3RU\NLR\AUTH\66337948 |
||
| 686 | 0 | _aТ3(2У)712-313,011 | |
| 702 | 1 |
_aСудаков _cучастник местного самоуправления, г. Андижан _4720 |
|
| 702 | 1 |
_aВнучков _cучастник местного самоуправления, г. Андижан _4720 |
|
| 702 | 1 |
_aМинкин _cучастник местного самоуправления, г. Андижан _4720 |
|
| 710 | 0 | 2 |
_aТуркестанский фронт _c1918-1926 _3RU\NLR\AUTH\880561680 _9790547 |
| 711 | 0 | 2 |
_aАндижанская уездная комиссия по борьбе с дезертирством _9655299 _3RU\NLR\AUTH\880497741 |
| 852 | 0 | 0 |
_aNLR _bФЛ _j58/110 |
| 942 | _cBOOK | ||
| 980 | _aNB | ||
| 981 | 2 | 1 |
_a(21) Листовки _b(21) Листовки 1920 года |